[Event "Reykjavik op"]
[Site "Reykjavik"]
[Date "2014.03.05"]
[Round "3"]
[White "Plantada Siurans, Estanislau"]
[Black "Eliasson, Kristjan Orn"]
[Result "1-0"]
[WhiteElo "1557"]
[BlackElo "1875"]
[PlyCount "97"]
[EventDate "2014.03.04"]
[EventType "swiss"]
[EventRounds "10"]
[EventCountry "ISL"]
[SourceTitle "CBM 159 Extra"]
[Source "ChessBase"]
[SourceDate "2014.04.24"]
[SourceVersion "1"]
[SourceVersionDate "2014.04.24"]
[SourceQuality "1"]

1. e4 d6 2. Nf3 g6 3. Bc4 Bg7 4. 0-0 Nf6 5. Qe2 0-0 6. h3 Nc6 7. Nc3 e5 8. Nd5 Bd7 9. c3 Na5 10. Bd3 Nh5 11. Bc2 c6 12. Nb4 Nf4 13. Qe3 Nc4 14. Qe1 Qf6 15. d3 Nxg2 16. Kxg2 Bxh3+ 17. Kxh3 Qxf3+ 18. Kh2 Qh5+ 19. Kg3 f5 20. Rh1 f4+ 21. Kg2 Qg4+ 22. Kf1 f3 23. Rh2 Nb6 24. Bd1 h6 25. Nc2 Rf7 26. Ne3 Qd7 27. Qd2 h5 28. Nf5 gxf5 29. Bxf3 f4 30. Bxh5 Rf6 31. f3 Qe7 32. Qg2 Rh6 33. Bd2 Nd7 34. Be1 Nf6 35. Bg4 Nxg4 36. fxg4 f3 37. Qg3 Qg5 38. Bd2 Rxh2 39. Bxg5 Rh1+ 40. Kf2 Rxa1 41. Qh4 Rxa2 42. Be7 Rxb2+ 43. Kxf3 d5 44. g5 Kf7 45. Bc5 Rh8 46. Qg4 dxe4+ 47. dxe4 Kg6 48. Qf5+ Kh5 49. g6+ 1-0